000 00671nam a2200229 a 4500
001 85393
003 BD-RjUL
005 20250731140959.0
008 250731s2024 enk||||| |||| 00| 0 eng d
020 _a9780443154713
035 _a(BD-RjUL)85393
040 _aBD-RjUL
_beng
_cBD-RjUL
041 _aeng
082 _223
_a677.0285
_bMOS 2024
100 _aMondal, Md Ibrahim H.
245 _aSmart textiles from natural resources /
_cMd Ibrahim H. Mondal
260 _aLondon :
_bWoodhead Publishing,
_c2024
300 _a897 p. :
_bill.;
_c23 cm.
504 _aIncludes bibliographical references index.
650 _aElectronic textiles
_916376
942 _2ddc
_cBK
999 _c85393
_d85393